Avtomatizirovannoje projektirovanije bez dannych = Computer - assisted data base design /

Enregistré dans:
Détails bibliographiques
Auteur principal: Hubbard, George U (Auteur)
Format: Livre
Langue:russe
Publié: Moskva : Mir, 1984
Sujets:
ASR
Tags: Ajouter un tag
Pas de tags, Soyez le premier à ajouter un tag!

MARC

LEADER 00000nam a22000003a 4500
001 stu37001
005 20150617225727.4
008 920626s1984----xxr-----------------rus-d
040 |a STU  |b slo 
041 0 |a rus 
044 |a xxr 
080 |a 681.3 
100 1 |a Hubbard, George U  |4 aut 
245 1 |a Avtomatizirovannoje projektirovanije bez dannych = Computer - assisted data base design /  |c [aut.]George U. Hubbard 
260 |a Moskva :  |b Mir,  |c 1984 
300 |a 292 s 
650 7 |a ASR  |2 stusub 
996 |b 284M062233  |c M*3416-1  |l MMKN  |s A  |a 24  |w stu37001_0001